| 000 | 00901cam a22002651 4500 | ||
|---|---|---|---|
| 001 | sa 68001498 | ||
| 003 | DLC | ||
| 005 | 20260227112434.0 | ||
| 008 | 890913s1967 io 000 0 dut | ||
| 010 | _asa 68001498 | ||
| 035 | _a(OCoLC)23432220 | ||
| 040 |
_aDLC _cMiU _dDLC |
||
| 042 | _apremarc | ||
| 050 | 0 | 0 |
_aDS644 _b.N28 1967 |
| 100 | 1 |
_aNasution, Abdul Haris, _d1918-2000. |
|
| 245 | 1 | 0 | _aProloog, peristiwa dan epiloog G-30-S/P. K. I. Keterangan A. H. Nasution. |
| 260 |
_aDjakarta, _bTjandra-Kartika, _c1967. |
||
| 300 |
_a72 p. _billus. _c21 cm. |
||
| 490 | 0 |
_aUntuk direnungkan, _v3 |
|
| 500 | _aCover title. | ||
| 500 | _aPreviously published under the title: Keterangan2 bekas Menko Hankam berhubung dengan pelnawaksara. | ||
| 500 | _aThis edition published without appendix. | ||
| 610 | 2 | 0 | _aPartai Komunis Indonesia. |
| 651 | 0 |
_aIndonesia _xPolitics and government _y1950-1966. |
|
| 999 |
_c77997 _d77997 |
||